[Event "Basel op"]
[Site "Basel"]
[Date "2016.01.03"]
[Round "4"]
[White "Balg, Matthias"]
[Black "Windelband, Jens"]
[Result "1/2-1/2"]
[WhiteElo "2052"]
[BlackElo "2131"]
[PlyCount "96"]
[EventDate "2016.01.01"]
[EventType "swiss"]
[EventRounds "7"]
[EventCountry "SUI"]
[SourceTitle "CBM 170 Extra"]
[Source "ChessBase"]
[SourceDate "2016.02.25"]
[SourceVersion "1"]
[SourceVersionDate "2016.02.25"]
[SourceQuality "1"]

1. d4 d5 2. c4 e6 3. Nc3 c5 4. e3 Nf6 5. Nf3 Nc6 6. Be2 cxd4 7. exd4 dxc4 8. Bxc4 Be7 9. 0-0 0-0 10. Be3 b6 11. Qe2 Bb7 12. Rfd1 Nb4 13. Ne5 Nbd5 14. Nxd5 Nxd5 15. Rac1 f6 16. Nf3 Qd6 17. a3 Rad8 18. Ba6 Ba8 19. Rc2 Kh8 20. Rdc1 e5 21. dxe5 fxe5 22. Rd2 Qf6 23. Bg5 Qg6 24. Bd3 Qe6 25. Bxe7 Qxe7 26. Qxe5 Qxe5 27. Nxe5 Nf4 28. f3 Rd5 29. Re1 g5 30. g3 Nh3+ 31. Kf1 Kg7 32. Re3 h5 33. Ke1 Re8 34. Nc4 Rxe3+ 35. Nxe3 Re5 36. Ke2 Ng1+ 37. Kf2 Nxf3 38. Rc2 Nxh2 39. Rc7+ Kf6 40. Rxa7 Bf3 41. Bc4 Ng4+ 42. Nxg4+ Bxg4 43. Bd3 Rd5 44. Ke3 Bf5 45. Be2 h4 46. g4 Bd7 47. Bf3 Rd6 48. Rc7 Ke5 1/2-1/2

[Event "Oberliga Ost-A 1011"]
[Site "Germany"]
[Date "2011.02.06"]
[Round "7.3"]
[White "Windelband, Jens"]
[Black "Dreyer, Michael"]
[Result "1/2-1/2"]
[WhiteElo "2183"]
[BlackElo "2235"]
[PlyCount "21"]
[EventDate "2010.10.24"]
[EventType "team-tourn"]
[EventRounds "11"]
[EventCountry "GER"]
[SourceTitle "EXT 2012"]
[Source "ChessBase"]
[SourceDate "2011.11.24"]
[SourceVersion "1"]
[SourceVersionDate "2011.11.24"]
[SourceQuality "1"]
[WhiteTeam "Magdeburg Aufbau Elbe"]
[BlackTeam "Jena Schott"]
[WhiteTeamCountry "GER"]
[BlackTeamCountry "GER"]

1. f4 d5 2. Nf3 c5 3. d3 Nc6 4. g3 g6 5. Bg2 Bg7 6. 0-0 Nf6 7. Qe1 0-0 8. e4 dxe4 9. dxe4 e5 10. c3 Re8 11. fxe5 1/2-1/2

[Event "Oberliga Ost-A 1011"]
[Site "Germany"]
[Date "2011.02.05"]
[Round "6.4"]
[White "Windelband, Jens"]
[Black "Schoetzig, Andreas"]
[Result "0-1"]
[WhiteElo "2183"]
[BlackElo "2217"]
[PlyCount "66"]
[EventDate "2010.10.24"]
[EventType "team-tourn"]
[EventRounds "11"]
[EventCountry "GER"]
[SourceTitle "EXT 2012"]
[Source "ChessBase"]
[SourceDate "2011.11.24"]
[SourceVersion "1"]
[SourceVersionDate "2011.11.24"]
[SourceQuality "1"]
[WhiteTeam "Magdeburg Aufbau Elbe"]
[BlackTeam "Leipzig Gohlis"]
[WhiteTeamCountry "GER"]
[BlackTeamCountry "GER"]

1. e4 e5 2. Nf3 Nc6 3. Bc4 Nf6 4. d4 exd4 5. Ng5 Ne5 6. Bb3 h6 7. f4 hxg5 8. fxe5 Nxe4 9. Qxd4 Nc5 10. Be3 Nxb3 11. axb3 d5 12. Nc3 c6 13. Rxa7 Rxa7 14. Qxa7 Qc7 15. 0-0 Be7 16. Bf2 0-0 17. Bg3 Be6 18. Ra1 Rd8 19. Ra4 Qd7 20. Qb6 d4 21. Ne4 d3 22. cxd3 Qxd3 23. Nd6 Qb1+ 24. Kf2 Qxb2+ 25. Kf1 Bxb3 26. Re4 Ra8 27. Re1 Ra2 28. Bf2 Ra1 29. Qe3 Bd5 30. h3 Rxe1+ 31. Qxe1 b5 32. Nf5 Bb4 33. Qe3 Qb1+ 0-1

[Event "Oberliga Ost-A 1011"]
[Site "Germany"]
[Date "2010.11.14"]
[Round "3.4"]
[White "Limpert, Michael"]
[Black "Windelband, Jens"]
[Result "1-0"]
[WhiteElo "2195"]
[BlackElo "2183"]
[PlyCount "105"]
[EventDate "2010.10.24"]
[EventType "team-tourn"]
[EventRounds "11"]
[EventCountry "GER"]
[SourceTitle "EXT 2012"]
[Source "ChessBase"]
[SourceDate "2011.11.24"]
[SourceVersion "1"]
[SourceVersionDate "2011.11.24"]
[SourceQuality "1"]
[WhiteTeam "Leipzig Lok"]
[BlackTeam "Magdeburg Aufbau Elbe"]
[WhiteTeamCountry "GER"]
[BlackTeamCountry "GER"]

1. e4 e6 2. d4 d5 3. Nc3 Nf6 4. Bg5 Bb4 5. exd5 Qxd5 6. Bxf6 gxf6 7. Nge2 Bd7 8. a3 Bxc3+ 9. Nxc3 Qa5 10. Qf3 Bc6 11. Qxf6 Rg8 12. 0-0-0 Nd7 13. Qh4 Qg5+ 14. Qxg5 Rxg5 15. h4 Rg6 16. d5 exd5 17. Nxd5 Bxd5 18. Rxd5 c6 19. Rd2 f6 20. g3 Rg7 21. Bh3 Ne5 22. Rhd1 Ke7 23. Bf5 Rb8 24. f4 Nf7 25. Rd7+ Kf8 26. R1d3 a6 27. Kd2 b5 28. Ke2 Re8+ 29. Kf2 Nh6 30. Rxg7 Kxg7 31. Bd7 Re7 32. g4 Re4 33. Kf3 Re1 34. g5 Nf7 35. Bxc6 fxg5 36. hxg5 Rf1+ 37. Kg4 h6 38. Rd7 hxg5 39. fxg5 Rg1+ 40. Kh4 Kf8 41. Ra7 Ne5 42. Rxa6 Ng6+ 43. Kh5 Nf4+ 44. Kh4 Ng6+ 45. Kh3 Nf4+ 46. Kh2 Rxg5 47. Rb6 Rg6 48. Kh1 Ne2 49. Rb8+ Kg7 50. Bxb5 Nd4 51. Bd3 Rg5 52. Rb7+ Kf6 53. Rb4 1-0

[Event "Oberliga Ost-A 0910"]
[Site "Germany"]
[Date "2010.02.28"]
[Round "8.5"]
[White "Windelband, Jens"]
[Black "Richter, Jan"]
[Result "1-0"]
[WhiteElo "2191"]
[BlackElo "2070"]
[PlyCount "71"]
[EventDate "2009.10.18"]
[EventType "team-tourn"]
[EventRounds "11"]
[EventCountry "GER"]
[SourceTitle "EXT 2011"]
[Source "ChessBase"]
[SourceDate "2010.11.26"]
[SourceVersion "1"]
[SourceVersionDate "2010.11.26"]
[SourceQuality "1"]
[WhiteTeam "Magdeburg Aufbau Elbe"]
[BlackTeam "Jena Schott"]
[WhiteTeamCountry "GER"]
[BlackTeamCountry "GER"]

1. e4 e6 2. d4 d5 3. e5 c5 4. c3 Nc6 5. Nf3 Qb6 6. a3 Nh6 7. b4 cxd4 8. cxd4 Nf5 9. Bb2 Bd7 10. g4 Nh6 11. Rg1 Rc8 12. Nc3 Na5 13. Na4 Qc6 14. Rc1 Nc4 15. Bxc4 dxc4 16. Nc3 b5 17. d5 exd5 18. Nd4 Qg6 19. Ndxb5 Be7 20. Qxd5 Bc6 21. Nd6+ Kd7 22. Qa5 Bxd6 23. Rd1 Rhe8 24. Qxa7+ Rc7 25. Qd4 Nf5 26. Qf4 Nh4 27. Kf1 Nf3 28. Rxd6+ Qxd6 29. exd6 Re1+ 30. Kg2 Rxg1+ 31. Kh3 Rc8 32. b5 Ba8 33. Qf5+ Kd8 34. Nd5 Bxd5 35. Bf6+ gxf6 36. Qxf6+ 1-0

[Event "Oberliga Ost-A 0910"]
[Site "Germany"]
[Date "2010.01.23"]
[Round "6.5"]
[White "Matthey, Harald"]
[Black "Windelband, Jens"]
[Result "0-1"]
[WhiteElo "2239"]
[BlackElo "2191"]
[PlyCount "75"]
[EventDate "2009.10.18"]
[EventType "team-tourn"]
[EventRounds "11"]
[EventCountry "GER"]
[SourceTitle "EXT 2011"]
[Source "ChessBase"]
[SourceDate "2010.11.26"]
[SourceVersion "1"]
[SourceVersionDate "2010.11.26"]
[SourceQuality "1"]
[WhiteTeam "Loeberitz"]
[BlackTeam "Magdeburg Aufbau Elbe"]
[WhiteTeamCountry "GER"]
[BlackTeamCountry "GER"]

1. Nf3 d6 2. d4 f5 3. Nc3 Nf6 4. Bg5 Nbd7 5. d5 c5 6. dxc6 bxc6 7. Nd4 Qb6 8. Rb1 Ne5 9. e3 Bd7 10. f4 Neg4 11. Qf3 e5 12. fxe5 dxe5 13. Nxf5 e4 14. Qf4 Bxf5 15. Qxf5 Nxe3 16. Qe6+ Be7 17. Bxf6 gxf6 18. Nxe4 Rd8 19. Nxf6+ Kf8 20. Nd7+ Rxd7 21. Qxd7 Nxc2+ 22. Kd2 Qf2+ 23. Be2 Bg5+ 24. Kc3 Bf6+ 25. Kxc2 Qxe2+ 26. Qd2 Qc4+ 27. Kd1 Kf7 28. Qd7+ Kg6 29. Rc1 Qa4+ 30. b3 Qxa2 31. Qg4+ Kf7 32. Qd7+ Kg6 33. Qd3+ Kg7 34. Ke1 Rd8 35. Qc2 Qa5+ 36. Kf1 Qe5 37. g3 Qe3 38. Qc5 0-1

[Event "Oberliga Ost-A 0809"]
[Site "Germany"]
[Date "2009.03.29"]
[Round "11.6"]
[White "Greger, Ubald"]
[Black "Windelband, Jens"]
[Result "0-1"]
[WhiteElo "2106"]
[BlackElo "2189"]
[PlyCount "66"]
[EventDate "2008.10.12"]
[EventType "team-tourn"]
[EventRounds "11"]
[EventCountry "GER"]
[SourceTitle "EXT 2010"]
[Source "ChessBase"]
[SourceDate "2010.11.25"]
[SourceVersion "1"]
[SourceVersionDate "2010.11.25"]
[SourceQuality "1"]
[WhiteTeam "Leipzig Lok II"]
[BlackTeam "Magdeburg Aufbau Elbe"]
[WhiteTeamCountry "GER"]
[BlackTeamCountry "GER"]

1. e4 e6 2. d3 d5 3. Nd2 Nf6 4. Ngf3 c5 5. g3 Nc6 6. Bg2 Be7 7. 0-0 b6 8. Re1 Bb7 9. e5 Nd7 10. h4 h6 11. Nf1 g5 12. hxg5 hxg5 13. N1h2 Rh5 14. Ng4 Qc7 15. c3 d4 16. Bd2 0-0-0 17. cxd4 cxd4 18. b4 Bxb4 19. Bxb4 Nxb4 20. Nxd4 Bxg2 21. Kxg2 Nc5 22. Nf3 Nbxd3 23. Qe2 Nxe1+ 24. Qxe1 Qb7 25. Rc1 Kb8 26. Rc3 Rd4 27. Nf6 Rh8 28. Qe3 Rd1 29. Rxc5 bxc5 30. Ne4 g4 31. Nh4 Rd4 32. f3 gxf3+ 33. Kxf3 Rhd8 0-1